000 004840000a22001810004500
003 MACL
005 20150731173454.0
008 150731b xxu||||| |||| 00| 0 eng d
040 _aMACL
_cMACL
041 _aEnglish
082 _a352
100 _aJain, R.B.
_93913
245 _aPublic Services in a Democratic Context
260 _bThe Indian Institute of Public Administration
_c1983
_aNew Delhi
350 _a120
650 _aPublic Administration
_93914
942 _cBK
_k352
_2ddc
999 _c5670
_d5670